[Event "Tata Steel-A 76th"]
[Site "Wijk aan Zee"]
[Date "2014.01.12"]
[Round "2"]
[White "So, Wesley"]
[Black "Nakamura, Hikaru"]
[Result "1/2-1/2"]
[WhiteElo "2719"]
[BlackElo "2789"]
[Annotator "Krasenkow,Michal"]
[PlyCount "54"]
[EventDate "2014.01.11"]
[EventType "tourn"]
[EventRounds "11"]
[EventCountry "NED"]
[EventCategory "20"]
[SourceTitle "CBM 159"]
[Source "ChessBase"]
[SourceDate "2014.03.17"]
[SourceVersion "1"]
[SourceVersionDate "2014.03.17"]
[SourceQuality "1"]

1. c4 e6 2. Nc3 d5 3. d4 c6 4. e4 Bb4 5. e5 {The most principled continuation in the Slav Gambit Declined. The arising position is similar to the French Defence, and Black can reply accordingly.} c5 $5 6. cxd5 ({The immediate} 6. a3 {is more common}) 6... exd5 7. a3 Bxc3+ (7... Ba5 8. Bd2 Nc6 9. dxc5 Bxc3 10. Bxc3 d4 11. Bd2 Qe7 12. f4 f6 13. Nf3 Bg4 14. Bb5 fxe5 15. fxe5 Nf6 16. O-O $16 {1-0 (31) Hauchard,A (2460)-Pavasovic,D (2425) Cannes 1996}) (7... cxd4 8. axb4 dxc3 9. bxc3 Nc6 (9... Qc7 $142 $1 10. Nf3 Ne7 {R.Dautov}) 10. f4 Nh6 11. Nf3 O-O 12. Be2 $14 {1-0 (32) Lautier,J (2666)-Zvjaginsev,V (2664) Poikovsky 2003 CBM 095 [Dautov]}) ({RR} 7... Ba5 8. Bb5+ Nc6 9. Nge2 cxd4 10. Nxd4 Nge7 11. O-O O-O 12. Bf4 Bb6 13. Nf3 Bg4 14. h3 Bxf3 15. Qxf3 Ng6 16. Rad1 Ncxe5 17. Bxe5 Nxe5 18. Qg3 Ng6 19. Nxd5 Rc8 20. Bd7 Ra8 21. b4 Kh8 22. Bf5 {Sarana,A (2674)-Zakhartsov,V (2481) chess.com INT 2024 1-0 (71)}) 8. bxc3 Nc6 (8... Ne7 {leads to similar positions. Here are some examples from GM practice:} 9. Bd3 (9. f4 Nbc6 10. Be3 Nf5 11. Qd2 {1/2 (18) Kapnisis,S (2435)-Mastrovasilis,D (2574) Athens 2004} Na5 $132) 9... Nbc6 (9... Qa5 10. Bd2 Nbc6 11. Ne2 Bf5 12. Qb1 Bxd3 13. Qxd3 Qa4 14. f4 cxd4 15. cxd4 Qc4 16. Qxc4 dxc4 17. a4 Rd8 18. Rc1 Nxd4 19. Rxc4 $14 {1/2 (50) Shneider,A (2497)-Timofeev,A (2577) Istanbul 2003}) 10. Ne2 Bf5 (10... cxd4 11. cxd4 Bf5 12. O-O Qd7 13. Be3 O-O 14. Nf4 Bxd3 15. Qxd3 Qf5 16. Qb3 Nxd4 17. Bxd4 Qxf4 18. Bc5 Rfe8 19. Qxb7 Ng6 20. Qxd5 Qxe5 21. Qxe5 Nxe5 $11 {0-1 (41) Hellsten,J (2574)-Giaccio,A (2468) Mendoza 2005}) 11. O-O (11. Bg5 Qd7 12. Bxe7 Nxe7 13. O-O Rc8 14. Ng3 Bxd3 15. Qxd3 h5 16. h4 g6 17. f4 Nf5 $11 {1/2 (22) Murshed,N (2510)-Dreev,A (2645) Yerevan 1996}) 11... O-O (11... Qd7 12. a4 Bxd3 13. Qxd3 c4 14. Qc2 Nf5 15. Rb1 O-O 16. Nf4 Nfe7 17. Ba3 $36 {0-1 (46) Anuruddha,G (2185)-Malakhatko,V (2569) Ravana 2009}) 12. Ng3 Bxd3 13. Qxd3 Qd7 (13... c4 14. Qc2 Qd7 15. f4 f5 16. a4 g6 17. Ba3 Rae8 18. Rf2 Na5 19. Nf1 Nb3 20. Ra2 Rf7 21. Ne3 $14 {1-0 (62) Liang,C (2524)-Bu,X (2630) Jinan 2005}) 14. f4 f6 15. exf6 c4 16. Qf3 Rxf6 17. f5 h6 18. Qg4 Raf8 $132 {1/2 (29) Bluvshtein,M (2541)-Zubac,M (2217) Kitchener 2006}) 9. Nf3 Nge7 10. Be2 $146 (10. Bb5 {is not a good idea: Black's unopposed bishop will be even stronger than his knights:} Qa5 11. Bxc6+ bxc6 12. Bd2 c4 13. O-O O-O 14. Qc2 Bf5 15. Qc1 Rab8 $17 {0-1 (43) Marusic,N (1986)-Stepovaia,T (2336) Bled 2004}) ({RR} 10. Bd3 Bf5 11. O-O O-O 12. Bg5 Bxd3 13. Qxd3 c4 14. Qc2 Na5 15. Nh4 h6 16. Bxe7 Qxe7 17. Nf5 Qe6 18. Rae1 Kh8 19. Re3 Nc6 20. Rg3 Rg8 21. f4 Ne7 22. Nd6 g6 23. Nxb7 Nf5 24. Rh3 Qe7 {Marcziter,D (2243)-Vargas,G (2170) Chess.com INT 2021 1-0 (33)}) ({RR} 10. Bd3 Bf5 11. O-O O-O 12. Bg5 Bxd3 13. Qxd3 c4 14. Qc2 Na5 15. Nh4 h6 16. Bxe7 Qxe7 17. Nf5 Qe6 18. Rae1 Kh8 19. Re3 Nc6 20. Rg3 Rg8 21. f4 Ne7 22. Nd6 g6 23. Nxb7 Nf5 24. Rh3 Qe7 {Marcziter,D (2243)-Vargas,G (2170) Chess.com INT 2021 1-0 (33)}) 10... O-O 11. O-O cxd4 (11... Bf5 12. Nh4 $1 cxd4 13. cxd4 Be4 14. f3 Ng6 15. Nxg6 Bxg6 16. Be3 Qb6 17. f4 Be4 18. Rc1 Na5 19. f5 $14 {1/2 (65) Onischuk,A (2650)-Shulman,Y (2581) San Diego 2006}) (11... Bg4 12. Rb1 (12. h3 Bh5 13. g4 Bg6 14. Nh4 cxd4 15. Nxg6 (15. cxd4 $2 {1/2 (25) Perelshteyn,E (2543)-Schneider,I (2397) Ledyard 2009} Nxd4 $1 16. Qxd4 Nc6) 15... Nxg6 16. cxd4 $14) 12... b6 (12... Qc7 13. h3 Bh5 14. a4 Bg6 15. Bd3 $5 Rfd8 16. Bg5 Rd7 17. Rb5 b6 18. Re1 a6 19. Rb1 $14 {1-0 (33) Khalifman,A (2667)-Galkin,A (2587) Hoogeveen 2000 CBM 080 [Dautov]}) 13. a4 $1 (13. dxc5 bxc5 14. Rb5 c4 15. Bg5 Qc7 16. Bxe7 Nxe7 $11 17. Nd4 $6 Bd7 18. Rb1 Qxe5 19. Bg4 Bxg4 20. Qxg4 Qd6 $15 {0-1 (42) Krush,I (2449)-Izoria,Z (2644) Connecticut 2007}) 13... Qc7 14. Ba3 Nd8 15. c4 dxc4 16. dxc5 bxc5 17. Qd6 Rc8 18. Rfc1 Ne6 19. Rxc4 Bxf3 20. Bxf3 Ng6 21. Qxc7 Rxc7 22. Bd5 Nef4 23. Be4 $14 {1/2 (59) Maslak,K (2521)-Navara,D (2646) Pardubice 2008}) 12. cxd4 h6 {A new idea. Black prevents c1-g5 and prepares ...c8-f5: now in case of f3-h4 the bishop will be able to retreat to h7.} 13. Bd2 {White anticipates ...c6-a5: he would now either exchange this knight and then seize the c-file or invade d2-b4-d6.} Bf5 (13... Na5 14. Bxa5 (14. Bb4 $5) 14... Qxa5 15. Qb3 $14 {[%cal Ya1c1]}) 14. Qb3 Bg4 {A strange change of plan. Still, Black's position remains very solid.} (14... Qb6 $5 15. Qxb6 axb6 {[%cal Yf5e4,Ye7f5]} 16. Bc3 (16. Be3 Be4 17. Nd2 Nf5) 16... Ng6 (16... Be4 17. Nd2 Nf5 $6 18. Nxe4 dxe4 19. d5) 17. g3 Rfc8 $132 {[%cal Yg6f8,Yf8e6]}) 15. Bc3 Qd7 16. h3 Be6 17. Rfd1 (17. Bb4 $5) (17. Qb2 $5 {[%cal Yf3e1,Ye1d3]}) 17... Ng6 18. Bf1 (18. Bd2 $5 {, preventing ...g6-f4 and clearing the c-file. Although even in that case after} Rfc8 {Black should hold on.}) 18... Rac8 19. Rac1 Rc7 20. Qb2 Qe7 21. g3 Rfc8 22. Kh2 f6 (22... Nf8 $5 {[%cal Yf8d7,Yd7b6]}) 23. exf6 Qxf6 24. Bg2 Nce7 25. Bb4 Rxc1 26. Rxc1 Rxc1 27. Qxc1 Nc6 {White's pair of bishops is even less valuable after the exchange of rooks; therefore he doesn't try to make use of it.} 1/2-1/2

[Event "Poikovsky Karpov 02nd"]
[Site "Poikovsky"]
[Date "2001.05.03"]
[Round "3"]
[White "Onischuk, Alexander"]
[Black "Lputian, Smbat G"]
[Result "0-1"]
[WhiteElo "2658"]
[BlackElo "2607"]
[Annotator "Dautov,Rustem"]
[PlyCount "60"]
[EventDate "2001.05.05"]
[EventType "tourn"]
[EventRounds "9"]
[EventCountry "RUS"]
[EventCategory "15"]
[SourceTitle "CBM 084"]
[Source "ChessBase"]
[SourceDate "2001.09.13"]
[SourceVersion "1"]
[SourceVersionDate "2001.09.13"]
[SourceQuality "1"]

1. d4 {Wells,Peter K} e6 2. c4 d5 3. Nc3 Be7 4. cxd5 exd5 5. Bf4 c6 6. e3 Bf5 7. g4 Be6 8. h4 Nd7 {Wahrscheinlich die beste Reaktion auf den kühnen 8. Zug von Weiß, nach der Springerentwicklung droht Schwarz 9...xh4. Weder nach 8...f6, noch nach 8...xh4 hat er dagegen ein leichtes Leben.} (8... Nf6 9. g5 Ne4 10. Bd3 Qa5 11. Kf1 Nxc3 12. bxc3 Nd7 13. Ne2 O-O-O 14. a4 $14 {Georgiev,K-Lputian,S/Istanbul 2000}) (8... Bxh4 9. Qb3 b6 10. Nf3 Be7 11. Ne5 g5 12. Bg3 Nf6 13. Be2 Qc8 14. Rc1 Nbd7 15. Nb5 $36 {Jussupow,A-Lputian,S/Baden-Baden 1996}) 9. h5 (9. g5 $6 h6) 9... Nh6 $1 10. Be2 Nb6 11. Nh3 $2 {Dieser Zug erlaubt Schwarz eine sehr schnelle Figurenaktivierung und gilt deswegen seit langem als riskant. Sicherer ist das prophylaktische 11.c1.} (11. Rc1 Bd6 (11... Nc4 12. Bxc4 dxc4 13. Bxh6 gxh6 $13 {Kasparov}) 12. Nh3 Bxf4 13. Nxf4 Bd7 $14 14. Rg1 g5 15. hxg6 hxg6 16. Kd2 Qe7 17. b3 g5 18. Nd3 O-O-O 19. Rh1 f6 20. Qg1 $14 {Kasparov,G-Karpov,A/Moscow 1985}) ({RR} 11. Rc1 Nc4 12. Bxc4 dxc4 13. Bxh6 gxh6) 11... g5 $1 12. hxg6 (12. Be5 f6 13. Bg3 Qd7 14. f3 f5 $15) 12... hxg6 {Schwarz plant g6-g5, d7 und 0-0-0.} 13. f3 Bh4+ 14. Nf2 $146 {Eine Neuerung, die jedoch die Stellungseinschätzung nicht zu ändern vermag. Schwarz entwickelt mühelos eine gefährliche Initiative.} (14. Kd2 g5 15. Bh2 f5 16. gxf5 Nxf5 17. Be5 Rh6 18. f4 g4 19. Ng5 Bxg5 20. fxg5 Qxg5 21. Bf4 $15 {Vaiser,A-Timoshchenko,G/Tashkent 1987}) 14... g5 15. Bh2 Qe7 16. Qc2 $146 ({RR} 16. e4 dxe4 17. fxe4 Nc4 18. Bxc4 Nxg4 19. Bg3 Nxf2 20. Bxf2 Bxf2+ 21. Kxf2 Rxh1 22. Qxh1 Qf6+ 23. Ke1 Bxc4 24. e5 Qg7 25. Ne4 O-O-O 26. Nd6+ Rxd6 27. exd6 Qxd4 28. Qh3+ Be6 29. Qh6 Qe5+ {0-1 (29) Turov,M (2563)-Vaganian,R (2662) Moscow 2002 CBM 088 [Wells,Peter K]}) 16... f5 $1 17. Be5 (17. gxf5 Nxf5 18. Qd2 Rf8 $36) 17... Rf8 $17 {[%cal Rf8f2,Rh4f2]} 18. O-O-O {Guter Rat war schon teuer. Weiß überlässt das Zentrum seinem Schicksal und bringt zumindest seinen König in Sicherheit.} (18. gxf5 Nxf5 19. Qd2 g4 $1 $17) 18... Nf7 19. gxf5 (19. Rdf1 Nxe5 20. dxe5 fxg4 21. Nxg4 Bxg4 22. fxg4 Qxe5 23. Qg6+ Kd7 $17) (19. Nd3 $2 Nc4 $19) 19... Bxf2 20. fxe6 Bxe3+ 21. Kb1 Nxe5 22. dxe5 Qxe6 23. Bf1 (23. Rh7 O-O-O 24. Nb5 Kb8 $19) 23... g4 (23... Rxf3 $5 $17) 24. fxg4 O-O-O 25. Rh5 Rf2 26. Qh7 Rdf8 {Weiß kann nicht all seine Schwächen halten, der Kampf ist entschieden.} 27. Rf5 (27. Bh3 Kb8 $17 {c4}) 27... R2xf5 28. gxf5 Qxe5 $19 29. f6 Bd4 30. Bh3+ Kb8 0-1

[Event "Hoogeveen Unive op 17th"]
[Site "Hoogeveen"]
[Date "2013.10.21"]
[Round "4"]
[White "L'Ami, Erwin"]
[Black "Krasenkow, Michal"]
[Result "1/2-1/2"]
[WhiteElo "2645"]
[BlackElo "2640"]
[Annotator "ChessBase"]
[PlyCount "126"]
[EventDate "2013.10.18"]
[EventType "swiss"]
[EventRounds "9"]
[EventCountry "NED"]
[SourceTitle "EXT 2014"]
[Source "ChessBase"]
[SourceDate "2013.11.20"]
[SourceVersion "1"]
[SourceVersionDate "2013.11.20"]
[SourceQuality "1"]

1. d4 d5 2. c4 e6 3. Nc3 c6 {Die Noteboom-Variante ist eine Spezialität von Krasenkow.} 4. Nf3 ({Nach} 4. e3 {muss Schwarz auch mit} f5 {und Übergang in eine Holländische Stonewall-Variante, in der Weiß e3 gespielt hat.}) 4... dxc4 5. a4 (5. e3 b5 6. a4 {ist Zugumstellung.}) 5... Bb4 6. e3 b5 7. Bd2 a5 8. axb5 Bxc3 9. Bxc3 cxb5 10. b3 Bb7 11. bxc4 b4 12. Bb2 Nf6 13. c5 {Wurde bisher selten gespielt.} ({Der Hauptzug ist} 13. Bd3 O-O 14. O-O Nbd7 15. Nd2 ({oder} 15. Re1 Ne4 16. Nd2 Nxd2 17. Qxd2 Qc7 18. c5 f5 19. f3 Nf6 20. Bc4 Bd5 21. Bxd5 Nxd5 22. e4 fxe4 23. fxe4 Nf6 24. h3 Qc6 25. Qd3 a4 26. d5 exd5 27. Bxf6 Qxf6 28. Qxd5+ Qf7 29. c6 b3 30. c7 Rfc8 31. Rac1 b2 32. Qxa8 Rxa8 33. c8=Q+ Rxc8 34. Rxc8+ Qf8 35. Rxf8+ Kxf8 36. Rb1 a3 37. Kf2 Ke7 38. Ke3 a2 39. Rxb2 a1=Q {0-1 (39) Sadler,M (2650)-Krasenkow,M (2660) Germany 1998}) 15... Qc7 16. f4 a4 17. Rb1 Rfd8 18. Qe2 b3 19. Ba1 Qd6 20. e4 Nc5 21. e5 Qc6 22. exf6 Nxd3 23. Qg4 g6 24. Rf3 b2 25. Qg5 bxa1=Q 26. Rxa1 Qb6 27. Rxd3 Rxd4 28. Rb1 Qd8 29. Rxb7 Rxd3 30. Nf3 a3 31. Rxf7 Qb6+ 32. c5 Qb1+ 33. Kf2 Rxf3+ {0-1 (33) Hammer,J (2608)-Nakamura,H (2775) Sandnes 2013}) 13... O-O 14. Bb5 Bc6 ({Spielbar ist auch} 14... Qd5) 15. Ba4 (15. Bxc6 Nxc6 16. Qa4 Qc7 17. O-O Ne4 $11) 15... Bxa4 16. Qxa4 Qd5 {Schwarz will durch eine weißfeldrige Blockade im Zentrum die weiße Bauernkette festlegen, wonach u.a. der Lb2 passiv bleibt.} 17. O-O Nc6 18. Rfd1 Rfc8 19. Ne5 (19. Nd2 Ne4 20. Nf1 f5 21. Rac1 Ne7 22. f3 Nf6 23. Nd2 Qc6 24. Ra1 Qa6 25. Re1 Ned5 26. Rac1 Qc6 27. Ra1 f4 28. e4 Ne3 29. Rxe3 fxe3 30. Nc4 Nd7 31. e5 e2 32. Kf2 Nxc5 33. dxc5 e1=Q+ 34. Kxe1 Qxc5 {0-1 (34) Antonsen,M (2471)-Krasenkow,M (2607) Helsingor 2011}) 19... Ne8 20. Nxc6 Rxc6 21. f3 f5 {Der logische Zug, doch Weiß bricht jetzt im Zentrum taktisch durch. Vermutlich war die Variante vorbereitet.} 22. e4 (22. Re1 Nf6 23. Qc2 b3 24. Qc3 a4 25. e4 Qd7 26. Qc4 fxe4 27. fxe4 Rcc8 28. Ba3 Rd8 29. Rad1 Qc6 30. Qd3 Rab8 31. Rd2 Rd7 32. h3 {1/2-1/2 (32) Bekker Jensen,S (2420)-Bjornsson,S (2395) Reykjavik 2013}) 22... fxe4 23. fxe4 Qxe4 24. Re1 Qd5 25. Re5 Qd7 26. d5 Rc7 (26... exd5 27. Rae1 Rd8 28. Re7 Qc8 29. Qxa5 $16) 27. d6 Qxa4 28. Rxa4 Rc6 29. Rxe6 Rxc5 30. d7 Kf7 $1 {Mit dem Springeropfer hält Schwarz die Partie.} ({Nach} 30... Nc7 31. Re7 Kf8 32. Rxg7 {hat Weiß großen Vorteil, z.B.:} Rc1+ 33. Bxc1 Kxg7 34. Rxa5 Rd8 35. Ra7 $16) 31. Rxe8 Rxe8 32. dxe8=Q+ Kxe8 33. Bxg7 Kf7 $146 ({RR} 33... Kd7 34. Kf2 Kc6 35. Ra2 Kb5 36. Ke3 a4 37. Rf2 a3 38. Rf7 {½-½ (38) Rodshtein,M (2660)-Bartel,M (2631) Jerusalem 2015}) 34. Bd4 Rd5 35. Bh8 (35. Bb6 $6 b3 36. Bd4 Rxd4 37. Rxd4 Ke6 (37... b2 $2 38. Rd7+ Ke6 39. Rb7 $18) 38. Rh4 ({Nicht} 38. Kf2 b2 39. Rd1 a4 $19) 38... Kd5 39. Rxh7 a4 40. Rb7 Kc4 41. h4 a3 42. Ra7 b2 43. Rxa3 b1=Q+ 44. Kh2 {führt zu einer bekannten Remisstellung. Der h-Bauer spielt keine Rolle. Turm und g-Bauer bilden eine Festung.}) 35... Rd8 36. Ba1 Rd1+ 37. Kf2 b3 38. Kf3 Rd2 39. Rf4+ (39. Rxa5 b2 40. Bxb2 Rxb2 41. h4 {führt zum Remis.}) 39... Kg8 40. Rg4+ Kf8 41. Bg7+ Kf7 42. Bh8 Rd8 (42... Ke6 $5) 43. Rg7+ (43. Rf4+ $5 Kg8 44. Be5 Rd5 45. Re4 a4 46. Bb2 Ra5 47. Ba3 $16) 43... Ke6 44. Rxh7 a4 $11 45. Rh6+ Kf7 46. Bb2 Rd2 47. Rh4 {Weiß gibt die Figur zurück, das Turmendspiel ist remis.} Rxb2 48. Rxa4 Rc2 49. Rb4 Rc3+ 50. Kf2 Rc2+ 51. Kg3 Rc3+ 52. Kh4 Rc2 53. Kh3 b2 54. Rb6 Ke7 55. g4 Kd7 56. Kg3 Kc7 57. Rb3 Kd6 58. Rb8 ({Nicht} 58. h4 Rc3+ 59. Rxc3 b1=Q 60. Rf3 {und Weiß muss ums Remis kämpfen.}) 58... Kc5 59. h3 Kc4 60. Kf4 Rd2 61. Rc8+ Kd3 62. Rb8 Kc4 63. Rc8+ Kd3 1/2-1/2